100 Biggest U.S. Cities within 1783 Borders - Statistics

General Stats
  • This quiz has been taken 178 times
  • The average score is 72 of 100
Answers on the Map
Answers color-coded by a green-red scale on the quiz's map according to % correct below.
 
Answer Stats
Population State Cities % Correct
673,458 MA Boston
99%
2,731,308 IL Chicago
99%
645,705 MI Detroit
99%
8,478,072 NY New York
99%
702,250 -- Washington
99%
1,573,916 PA Philadelphia
98%
276,617 NY Buffalo
97%
365,379 OH Cleveland
97%
520,070 GA Atlanta
96%
568,271 MD Baltimore
96%
933,263 OH Columbus
96%
201,830 GA Columbus
96%
891,484 IN Indianapolis
96%
610,919 TN Memphis
96%
428,579 MN Minneapolis
96%
704,963 TN Nashville
96%
157,665 SC Charleston
95%
314,915 OH Cincinnati
94%
563,531 WI Milwaukee
94%
307,668 PA Pittsburgh
94%
233,655 VA Richmond
94%
499,825 NC Raleigh
93%
196,357 AL Birmingham
92%
640,796 KY Louisville
92%
317,303 NJ Newark
92%
307,465 MN Saint Paul
92%
943,476 NC Charlotte
91%
194,706 RI Providence
91%
154,888 MA Springfield
91%
112,949 IL Springfield
91%
454,808 VA Virginia Beach
89%
265,638 OH Toledo
88%
148,808 GA Savannah
87%
122,129 CT Hartford
86%
285,300 WI Madison
86%
302,824 NJ Jersey City
85%
106,311 WI Green Bay
84%
198,722 TN Knoxville
84%
207,282 NY Rochester
84%
146,097 NY Syracuse
84%
144,788 SC Columbia
83%
200,117 MI Grand Rapids
83%
137,562 CT New Haven
82%
231,105 VA Norfolk
82%
189,664 OH Akron
81%
329,437 KY Lexington
81%
116,386 NH Manchester
80%
136,346 OH Dayton
79%
255,769 NC Winston-Salem
79%
201,737 GA Augusta
77%
191,496 TN Chattanooga
77%
230,402 AL Huntsville
76%
211,040 NY Yonkers
76%
159,102 VA Alexandria
75%
301,870 NC Durham
74%
307,381 NC Greensboro
74%
114,336 MI Lansing
74%
157,056 GA Macon
72%
273,203 IN Fort Wayne
70%
103,713 IN South Bend
68%
211,286 MA Worcester
68%
151,599 CT Bridgeport
67%
127,138 PA Allentown
66%
121,186 MA Cambridge
66%
115,395 IN Evansville
66%
122,925 MI Ann Arbor
65%
128,691 GA Athens
65%
183,056 VA Newport News
65%
254,997 VA Chesapeake
64%
125,284 NC Wilmington
64%
147,486 IL Rockford
61%
111,696 IL Peoria
60%
140,413 NJ Elizabeth
59%
114,288 AL Tuscaloosa
59%
209,496 NC Fayetteville
57%
139,134 CT Stamford
55%
185,690 TN Clarksville
54%
151,837 IL Joliet
54%
120,418 MA Lowell
54%
168,387 TN Murfreesboro
54%
153,124 IL Naperville
52%
180,710 IL Aurora
51%
126,005 SC North Charleston
51%
106,377 MI Dearborn
49%
182,659 NC Cary
47%
137,596 VA Hampton
46%
160,463 NJ Paterson
46%
112,395 NC Concord
45%
137,686 MI Warren
39%
115,908 CT Waterbury
39%
114,701 IL Elgin
36%
110,002 NJ Edison
34%
118,601 NC High Point
34%
134,342 MI Sterling Heights
33%
105,788 MA Brockton
29%
103,986 IN Fishers
24%
105,505 GA Sandy Springs
24%
112,003 GA South Fulton
24%
141,985 NJ Lakewood
23%
106,101 NJ Woodbridge
20%
No matching quizzes found
Score Distribution
Percent of People with Each Score
Percentile by Number Answered
Your Score History
You have not taken this quiz